00724nam a2200229Ia 4500003000400000005001700004008004100021040000700062041000800069082001900077100002400096245007100120260003400191300000700225365000800232650001600240650002800256906007300284942001200357999001900369952010600388OSt20230524185150.0210423s1986 xx 000 0 und d cAL aeng a340 223bDESW aDESAI (A R)9113261 aWomens liberation and policies of religious personal laws in india bC G Shah Memorial Trustc1986 bPB cINR aLaw9113262 aSocial Sciences9113263 aindia ; laws ; liberation ; personal ; policies ; religious ; Womens 2ddccBK c173056d173056 001040708MSWaSACPGbSACPGd2021-04-26l0o340 DESWpPG019633r2022-08-24 00:00:00w2021-04-26yBK